Canzoni Vincitrici Premio miglior interpretazione Festival di Sanremo - Statistics

Statistiche generali
  • Questo quiz è stato fatto 18 volte
    15 dall'ultimo reset
  • Il punteggio medio è 4 su 8
Statistiche sulle risposte
Anno Vincitore Premio alla migliore interpretazione Canzone vincitrice % Corretto
2024 Clara Diamanti grezzi
100%
2019 Mahmood Soldi
100%
2023 Colla Zio Non mi va
73%
2021 Gaudiano Polvere da sparo
45%
2022 Yuman Ora e qui
36%
2017 Maldestro Canzone per Federica
27%
2018 Mirkoeilcane Stiamo tutti bene
27%
2020 Tecla 8 marzo
9%
Nessun quiz corrispondente trovato
Distribuzione punteggi
Percentuale di utenti per punteggio
Percentile per numero di risposta
I tuoi punteggi nel tempo
Non hai fatto questo quiz dall'ultimo reset